<?xml version="1.0" encoding="UTF-8"?>
<record
    xmlns:xsi="http://www.w3.org/2001/XMLSchema-instance"
    xsi:schemaLocation="http://www.loc.gov/MARC21/slim http://www.loc.gov/standards/marcxml/schema/MARC21slim.xsd"
    xmlns="http://www.loc.gov/MARC21/slim">

  <leader>01024nam a2200181Ia 4500</leader>
  <controlfield tag="008">151202s9999||||xx |||||||||||||| ||und||</controlfield>
  <datafield tag="082" ind1=" " ind2=" ">
    <subfield code="b">PNVM-1635</subfield>
  </datafield>
  <datafield tag="100" ind1=" " ind2=" ">
    <subfield code="a">&#x930;&#x93E;&#x91C;&#x935;&#x93E;&#x921;&#x947; &#x935;&#x93F;. &#x915;&#x93E;.</subfield>
  </datafield>
  <datafield tag="245" ind1=" " ind2=" ">
    <subfield code="a">"&#x92E;&#x930;&#x93E;&#x920;&#x94D;&#x92F;&#x93E;&#x902;&#x91A;&#x94D;&#x92F;&#x93E; &#x907;&#x924;&#x93F;&#x939;&#x93E;&#x938;&#x93E;&#x91A;&#x940; &#x938;&#x93E;&#x927;&#x928;&#x947; &#x916;&#x902;&#x921; 1 &#x924;&#x947; 8, 10 &#x924;&#x947; 12 &#x935; 15 &#x924;&#x947; 19 &#x92F;&#x93E;&#x924;&#x940;&#x932; &#x938;&#x94D;&#x925;&#x933;&#x93E;&#x902;&#x91A;&#x940; &#x938;&#x942;&#x91A;&#x940;."</subfield>
  </datafield>
  <datafield tag="260" ind1=" " ind2=" ">
    <subfield code="b">&#x926;. &#x935;&#x93E;. &#x92A;&#x94B;&#x924;&#x926;&#x93E;&#x930;.</subfield>
  </datafield>
  <datafield tag="260" ind1=" " ind2=" ">
    <subfield code="c">0</subfield>
  </datafield>
  <datafield tag="300" ind1=" " ind2=" ">
    <subfield code="a">0</subfield>
  </datafield>
  <datafield tag="600" ind1=" " ind2=" ">
    <subfield code="a">&#x930;&#x93E;&#x91C;&#x935;&#x93E;&#x921;&#x947; &#x935;&#x93F;. &#x915;&#x93E;.</subfield>
  </datafield>
  <datafield tag="630" ind1=" " ind2=" ">
    <subfield code="a">"&#x92E;&#x930;&#x93E;&#x920;&#x94D;&#x92F;&#x93E;&#x902;&#x91A;&#x94D;&#x92F;&#x93E; &#x907;&#x924;&#x93F;&#x939;&#x93E;&#x938;&#x93E;&#x91A;&#x940; &#x938;&#x93E;&#x927;&#x928;&#x947; &#x916;&#x902;&#x921; 1 &#x924;&#x947; 8, 10 &#x924;&#x947; 12 &#x935; 15 &#x924;&#x947; 19 &#x92F;&#x93E;&#x924;&#x940;&#x932; &#x938;&#x94D;&#x925;&#x933;&#x93E;&#x902;&#x91A;&#x940; &#x938;&#x942;&#x91A;&#x940;."</subfield>
  </datafield>
  <datafield tag="700" ind1=" " ind2=" ">
    <subfield code="a">&#x930;&#x93E;&#x91C;&#x935;&#x93E;&#x921;&#x947; &#x935;&#x93F;. &#x915;&#x93E;.</subfield>
  </datafield>
  <datafield tag="730" ind1=" " ind2=" ">
    <subfield code="a">"&#x92E;&#x930;&#x93E;&#x920;&#x94D;&#x92F;&#x93E;&#x902;&#x91A;&#x94D;&#x92F;&#x93E; &#x907;&#x924;&#x93F;&#x939;&#x93E;&#x938;&#x93E;&#x91A;&#x940; &#x938;&#x93E;&#x927;&#x928;&#x947; &#x916;&#x902;&#x921; 1 &#x924;&#x947; 8, 10 &#x924;&#x947; 12 &#x935; 15 &#x924;&#x947; 19 &#x92F;&#x93E;&#x924;&#x940;&#x932; &#x938;&#x94D;&#x925;&#x933;&#x93E;&#x902;&#x91A;&#x940; &#x938;&#x942;&#x91A;&#x940;."</subfield>
  </datafield>
  <datafield tag="942" ind1=" " ind2=" ">
    <subfield code="c">BOOK</subfield>
  </datafield>
  <datafield tag="999" ind1=" " ind2=" ">
    <subfield code="c">1267633</subfield>
    <subfield code="d">1267630</subfield>
  </datafield>
  <datafield tag="952" ind1=" " ind2=" ">
    <subfield code="0">0</subfield>
    <subfield code="1">0</subfield>
    <subfield code="4">0</subfield>
    <subfield code="7">0</subfield>
    <subfield code="a">PNVM</subfield>
    <subfield code="b">PNVM</subfield>
    <subfield code="d">2015-06-21</subfield>
    <subfield code="g">0.00</subfield>
    <subfield code="l">0</subfield>
    <subfield code="o">PNVM-1635</subfield>
    <subfield code="p">PNVM-1635</subfield>
    <subfield code="r">2015-12-02 00:00:00</subfield>
    <subfield code="v">0.00</subfield>
    <subfield code="w">2015-12-02</subfield>
    <subfield code="y">BOOK</subfield>
  </datafield>
</record>
